000
00287nam a2200121Ia 4500
008
190216s9999||||xx |||||||||||||| ||und||
100
_a
Dirac P A M
245
0
_a
General Theory Of Relativity
260
_b
Prentice Hall India
_c
2001
300
_a
69 p
650
_a
Physics
942
_c
BK
999
_c
33704
_d
33704